[Event "St Petersburg Korchnoi Memorial op"]
[Site "St Petersburg"]
[Date "2019.08.14"]
[Round "1"]
[White "Savenkov, Konstantin"]
[Black "Romanov, Vasily"]
[Result "1-0"]
[WhiteElo "2375"]
[BlackElo "1906"]
[PlyCount "53"]
[EventDate "2019.08.14"]
[EventType "swiss"]
[EventRounds "9"]
[EventCountry "RUS"]
[SourceTitle "CBM 192"]
[Source "ChessBase"]
[SourceDate "2019.10.31"]
[SourceVersion "1"]
[SourceVersionDate "2019.10.31"]
[SourceQuality "1"]

1. e4 c6 2. d4 d5 3. Nd2 dxe4 4. Nxe4 Bf5 5. Nc5 b6 6. Nb3 e6 7. Nf3 Bd6 8. g3 Ne7 9. Bg2 h6 10. 0-0 Nd7 11. Re1 Qc7 12. Nbd2 Ng6 13. d5 cxd5 14. Nd4 0-0 15. Nxf5 exf5 16. Bxd5 Rad8 17. Qf3 Qxc2 18. Bb3 Qc5 19. Nc4 Nde5 20. Nxe5 Nxe5 21. Qxf5 Qc6 22. Re3 Rfe8 23. Bd2 Bc5 24. Rxe5 Rxe5 25. Bxf7+ Kh8 26. Qxe5 Rxd2 27. Qb8+ 1-0

[Event "Moscow-ch final"]
[Site "Moscow"]
[Date "2019.04.07"]
[Round "9"]
[White "Savenkov, Konstantin"]
[Black "Tunik, Sergey"]
[Result "1-0"]
[WhiteElo "2373"]
[BlackElo "2167"]
[PlyCount "76"]
[EventDate "2019.03.30"]
[EventType "swiss"]
[EventRounds "9"]
[EventCountry "RUS"]
[SourceTitle "CBM 189 Extra"]
[Source "ChessBase"]
[SourceDate "2019.06.03"]
[SourceVersion "1"]
[SourceVersionDate "2019.06.03"]
[SourceQuality "1"]

1. e4 e6 2. d3 d5 3. Nd2 c5 4. g3 Nc6 5. Bg2 g6 6. Ne2 Bg7 7. 0-0 Nf6 8. exd5 exd5 9. Nb3 b6 10. c4 Bb7 11. Nc3 d4 12. Re1+ Kf8 13. Nd5 Qd7 14. Bf4 Nxd5 15. Bxd5 h6 16. Qf3 Kg8 17. h4 Kh7 18. Nd2 Rhe8 19. Ne4 Nd8 20. Nd6 Rxe1+ 21. Rxe1 Bxd5 22. cxd5 Nb7 23. Nc4 b5 24. Ne5 Bxe5 25. Bxe5 Qf5 26. Qxf5 gxf5 27. Bc7 Kg7 28. d6 Kf8 29. d7 c4 30. dxc4 bxc4 31. Re5 c3 32. bxc3 dxc3 33. Re3 c2 34. Rc3 Ke7 35. Rxc2 Kxd7 36. Bf4 Na5 37. Rc7+ Ke6 38. Bd2 Kd5 1-0

[Event "Moscow-ch final"]
[Site "Moscow"]
[Date "2019.03.31"]
[Round "2"]
[White "Savenkov, Konstantin"]
[Black "Tarasov, Oleg"]
[Result "1-0"]
[WhiteElo "2373"]
[BlackElo "2175"]
[PlyCount "103"]
[EventDate "2019.03.30"]
[EventType "swiss"]
[EventRounds "9"]
[EventCountry "RUS"]
[SourceTitle "CBM 189 Extra"]
[Source "ChessBase"]
[SourceDate "2019.06.03"]
[SourceVersion "1"]
[SourceVersionDate "2019.06.03"]
[SourceQuality "1"]

1. e4 c5 2. Nf3 d6 3. Bb5+ Nd7 4. 0-0 a6 5. Bd3 Ngf6 6. Re1 g6 7. c3 Ne5 8. Nxe5 dxe5 9. Bf1 Bg7 10. d3 0-0 11. a4 b6 12. Nd2 Be6 13. Nf3 Qc7 14. Be3 Rfd8 15. Qc2 Bg4 16. Nd2 Ne8 17. Rec1 Rac8 18. Rab1 a5 19. b3 Be6 20. Qb2 Qc6 21. Qa3 Nd6 22. f3 f5 23. b4 axb4 24. cxb4 f4 25. bxc5 fxe3 26. cxd6 Qxd6 27. Qxd6 exd6 28. Nc4 Bxc4 29. dxc4 Rc6 30. Bd3 Ra8 31. Ra1 Bh6 32. Rcb1 Ra5 33. Kf1 Kf7 34. Ke2 Ke7 35. g3 Kd8 36. Ra2 Ra7 37. Rf1 Rf7 38. Rb2 Kc7 39. Rfb1 Rf8 40. a5 Rb8 41. h4 Rb7 42. Rb5 Rc5 43. axb6+ Kc6 44. R5b4 Ra5 45. R1b2 Ra3 46. Bc2 Kc5 47. Ba4 Kd4 48. Bc6 Rb8 49. b7 Kc3 50. Bd5 g5 51. R4b3+ Rxb3 52. Rxb3+ 1-0

[Event "Moscow op-A 15th"]
[Site "Moscow"]
[Date "2019.01.27"]
[Round "2"]
[White "Savenkov, Konstantin"]
[Black "Iljiushenok, Ilia"]
[Result "0-1"]
[WhiteElo "2369"]
[BlackElo "2533"]
[PlyCount "76"]
[EventDate "2019.01.26"]
[EventType "swiss"]
[EventRounds "9"]
[EventCountry "RUS"]
[SourceTitle "CBM 188 Extra"]
[Source "ChessBase"]
[SourceDate "2019.02.26"]
[SourceVersion "1"]
[SourceVersionDate "2019.02.26"]
[SourceQuality "1"]

1. e4 c6 2. d4 d5 3. Nd2 dxe4 4. Nxe4 Bf5 5. Ng3 Bg6 6. N1e2 e6 7. h4 h6 8. Nf4 Bh7 9. Bc4 Nf6 10. Qe2 Bd6 11. Ngh5 0-0 12. g4 Bxf4 13. Nxf4 Qxd4 14. c3 Qe4 15. f3 Qxe2+ 16. Kxe2 Nd5 17. g5 hxg5 18. hxg5 Nd7 19. Bd2 Ne5 20. Bb3 Bf5 21. Rh2 Nxf4+ 22. Bxf4 Ng6 23. Bd6 Rfd8 24. Rd1 Rd7 25. c4 Rad8 26. c5 b6 27. Ke3 bxc5 28. Rhd2 c4 29. Bxc4 Bc2 30. Rxc2 Rxd6 31. Rxd6 Rxd6 32. Bb3 Ne7 33. Ke4 Kf8 34. Ke5 Nf5 35. f4 Ke7 36. Ke4 Rd4+ 37. Kf3 Rd3+ 38. Ke2 Rxb3 0-1

[Event "Moscow-chT"]
[Site "Moscow"]
[Date "2018.09.23"]
[Round "3.1"]
[White "Sychev, Klementy"]
[Black "Savenkov, Konstantin"]
[Result "1-0"]
[WhiteElo "2534"]
[BlackElo "2375"]
[PlyCount "81"]
[EventDate "2018.09.20"]
[EventType "team-swiss"]
[EventRounds "7"]
[EventCountry "RUS"]
[SourceTitle "CBM 186 Extra"]
[Source "ChessBase"]
[SourceDate "2018.08.24"]
[SourceVersion "1"]
[SourceVersionDate "2018.08.24"]
[SourceQuality "1"]
[WhiteTeam "Karpov Chess School"]
[BlackTeam "MGU"]
[WhiteTeamCountry "RUS"]
[BlackTeamCountry "RUS"]

1. e4 e5 2. Nf3 Nc6 3. Bb5 a6 4. Ba4 d6 5. 0-0 Bd7 6. d4 Nge7 7. d5 Nb8 8. c4 Ng6 9. Nc3 Be7 10. Rb1 0-0 11. Bc2 a5 12. a3 h6 13. b4 axb4 14. axb4 Bg5 15. Nxg5 hxg5 16. c5 Qf6 17. f3 Nf4 18. g3 Nh3+ 19. Kg2 Qh6 20. Qe2 Kh7 21. Bd2 Rh8 22. Kh1 Bc8 23. Be3 dxc5 24. bxc5 Nd7 25. Nb5 Nf6 26. Nxc7 Ra2 27. Rb6 Qh5 28. Nb5 Kg8 29. Nc3 Ra3 30. Rb3 Rxb3 31. Bxb3 g4 32. d6 gxf3 33. Qxf3 Bg4 34. Qg2 Ng5 35. Bxg5 Qxg5 36. Qf2 Qg6 37. Kg1 Bh3 38. Re1 Bd7 39. Nd5 Nxd5 40. Bxd5 Bc6 41. Rf1 1-0

[Event "Moscow-chT"]
[Site "Moscow"]
[Date "2018.09.20"]
[Round "1.3"]
[White "Savenkov, Konstantin"]
[Black "Galaktionov, Artem"]
[Result "1-0"]
[WhiteElo "2375"]
[BlackElo "2250"]
[PlyCount "177"]
[EventDate "2018.09.20"]
[EventType "team-swiss"]
[EventRounds "7"]
[EventCountry "RUS"]
[SourceTitle "CBM 186 Extra"]
[Source "ChessBase"]
[SourceDate "2018.08.24"]
[SourceVersion "1"]
[SourceVersionDate "2018.08.24"]
[SourceQuality "1"]
[WhiteTeam "MGU"]
[BlackTeam "Moscow Youth"]
[WhiteTeamCountry "RUS"]
[BlackTeamCountry "RUS"]

1. Nf3 Nf6 2. g3 g6 3. Bg2 Bg7 4. 0-0 0-0 5. d4 c6 6. Re1 d5 7. Nbd2 Bf5 8. c3 Nbd7 9. Nh4 Be6 10. e4 dxe4 11. Nxe4 Bd5 12. Nxf6+ Bxf6 13. Nf3 c5 14. Be3 c4 15. Bf4 e6 16. Qe2 b5 17. Nd2 Bxg2 18. Kxg2 Bg5 19. Qe3 Bxf4 20. Qxf4 Nf6 21. Ne4 Nd5 22. Qh6 Nf6 23. Ng5 Qd5+ 24. Kg1 Rfe8 25. Re4 e5 26. Rh4 exd4 27. Nxh7 Nxh7 28. Qxh7+ Kf8 29. Qh6+ Ke7 30. Rxd4 Qe5 31. Rad1 Rad8 32. Rxd8 Rxd8 33. Rxd8 Qe1+ 34. Kg2 Qe4+ 35. Kh3 Qe6+ 36. g4 Kxd8 37. Qg5+ Kc7 38. Qc5+ Kd8 39. Qxb5 a6 40. Qc5 f5 41. gxf5 gxf5 42. Kg3 Qg6+ 43. Kf4 Qg4+ 44. Ke5 Qe4+ 45. Kf6 Qh4+ 46. Ke6 Qh6+ 47. Kd5 Qd2+ 48. Qd4 Qxb2 49. Ke6+ Kc7 50. Qxc4+ Kd8 51. Qd3+ Kc7 52. Qd6+ Kc8 53. Qxa6+ Kc7 54. Qc4+ Kd8 55. Qd4+ Kc8 56. Kxf5 Qxa2 57. h4 Qf7+ 58. Kg4 Qg6+ 59. Kf4 Qf7+ 60. Kg3 Kb7 61. c4 Qg6+ 62. Kf3 Qf5+ 63. Ke3 Qh3+ 64. f3 Qh1 65. Qd5+ Kc7 66. h5 Qe1+ 67. Kd4 Qh4+ 68. Qe4 Qf2+ 69. Ke5 Qc5+ 70. Ke6 Qf8 71. Qe5+ Kc8 72. Qf5 Qh6+ 73. Kd5+ Kd8 74. f4 Qb6 75. Qf8+ Kd7 76. Qf7+ Kd8 77. Ke5 Qe3+ 78. Kf5 Qd3+ 79. Kf6 Qd4+ 80. Kg6 Qe4+ 81. f5 Qg4+ 82. Kh7 Qf4 83. h6 Qe3 84. f6 Qe4+ 85. Kh8 Qf4 86. h7 Qh4 87. Kg8 Qg4+ 88. Qg7 Qxc4+ 89. f7 1-0

[Event "Moscow-ch final"]
[Site "Moscow"]
[Date "2018.04.01"]
[Round "9"]
[White "Savenkov, Konstantin"]
[Black "Zilbert, Oleg"]
[Result "0-1"]
[WhiteElo "2405"]
[BlackElo "2170"]
[PlyCount "30"]
[EventDate "2018.03.24"]
[EventType "swiss"]
[EventRounds "9"]
[EventCountry "RUS"]
[SourceTitle "CBM 183 Extra"]
[Source "ChessBase"]
[SourceDate "2018.04.19"]
[SourceVersion "1"]
[SourceVersionDate "2018.04.19"]
[SourceQuality "1"]

1. e4 e6 2. d3 d5 3. Nd2 Nf6 4. Ngf3 Be7 5. g3 b6 6. Bg2 dxe4 7. dxe4 Ba6 8. c4 Bb7 9. Qe2 Na6 10. e5 Nd7 11. 0-0 Ndc5 12. Rd1 Qd3 13. Qxd3 Nxd3 14. Nb3 0-0-0 15. Ng5 Nxc1 0-1

[Event "Moscow-ch final"]
[Site "Moscow"]
[Date "2018.03.28"]
[Round "5"]
[White "Savenkov, Konstantin"]
[Black "Rozanov, Pavel B"]
[Result "1-0"]
[WhiteElo "2405"]
[BlackElo "2238"]
[PlyCount "43"]
[EventDate "2018.03.24"]
[EventType "swiss"]
[EventRounds "9"]
[EventCountry "RUS"]
[SourceTitle "CBM 183 Extra"]
[Source "ChessBase"]
[SourceDate "2018.04.19"]
[SourceVersion "1"]
[SourceVersionDate "2018.04.19"]
[SourceQuality "1"]

1. e4 e6 2. d3 d5 3. Nd2 c5 4. Ngf3 Nc6 5. g3 Bd6 6. Bg2 Nge7 7. 0-0 0-0 8. Nh4 b6 9. f4 dxe4 10. dxe4 Ba6 11. Re1 c4 12. c3 b5 13. Qe2 b4 14. e5 Bc5+ 15. Kh1 bxc3 16. bxc3 Qa5 17. Ne4 Rad8 18. Qh5 Bb6 19. f5 Qxe5 20. Bg5 g6 21. Qh6 Qg7 22. Qxg7+ 1-0

[Event "Moscow Aeroflot op-B 17th"]
[Site "Moscow"]
[Date "2018.02.27"]
[Round "8"]
[White "Savenkov, Konstantin"]
[Black "Raja, Rithvik R"]
[Result "1-0"]
[WhiteElo "2426"]
[BlackElo "2227"]
[PlyCount "71"]
[EventDate "2018.02.20"]
[EventType "swiss"]
[EventRounds "9"]
[EventCountry "RUS"]
[SourceTitle "CBM 183 Extra"]
[Source "ChessBase"]
[SourceDate "2018.04.19"]
[SourceVersion "1"]
[SourceVersionDate "2018.04.19"]
[SourceQuality "1"]

1. e4 e5 2. Nf3 Nf6 3. Nc3 Nc6 4. Be2 d5 5. exd5 Nxd5 6. 0-0 Nxc3 7. bxc3 e4 8. Ne1 Bd6 9. f3 exf3 10. Nxf3 0-0 11. d4 Bf5 12. Bd3 Bxd3 13. Qxd3 f6 14. Rb1 Rb8 15. Bd2 Qd7 16. Rb5 Qf7 17. Nh4 Ne7 18. c4 c6 19. Rbb1 Qh5 20. g3 Rfe8 21. Ng2 b5 22. Bf4 Bxf4 23. Nxf4 bxc4 24. Qxc4+ Qf7 25. Qa4 Nf5 26. c3 Ne3 27. Rxb8 Rxb8 28. Re1 Nd5 29. Nd3 Nxc3 30. Qxc6 Nb5 31. Rb1 a6 32. a4 Qa2 33. Re1 Nxd4 34. Re8+ Kf7 35. Qd7+ Kg6 36. Nf4+ 1-0

[Event "Moscow Aeroflot op-B 17th"]
[Site "Moscow"]
[Date "2018.02.23"]
[Round "4"]
[White "Savenkov, Konstantin"]
[Black "Hakobyan, Hovhannes H"]
[Result "1-0"]
[WhiteElo "2426"]
[BlackElo "2270"]
[PlyCount "73"]
[EventDate "2018.02.20"]
[EventType "swiss"]
[EventRounds "9"]
[EventCountry "RUS"]
[SourceTitle "CBM 183 Extra"]
[Source "ChessBase"]
[SourceDate "2018.04.19"]
[SourceVersion "1"]
[SourceVersionDate "2018.04.19"]
[SourceQuality "1"]

1. e4 e6 2. d3 d5 3. Nd2 Nf6 4. Ngf3 b5 5. g3 dxe4 6. dxe4 b4 7. Bb5+ c6 8. Bd3 Ba6 9. Qe2 Bxd3 10. cxd3 Be7 11. 0-0 0-0 12. Nc4 Nbd7 13. Bf4 Qc8 14. Rac1 Qa6 15. b3 h6 16. Rc2 c5 17. Rfc1 Rac8 18. Nfd2 Rfd8 19. Be3 Ne8 20. e5 Nc7 21. Qg4 Kf8 22. f4 Nd5 23. Bf2 Nc3 24. Ne4 f5 25. exf6 Nxf6 26. Qg6 Qc6 27. Ne5 Qe8 28. Nxc3 bxc3 29. Rxc3 Kg8 30. Qxe8+ Nxe8 31. Bxc5 Nd6 32. Bf2 Rxc3 33. Rxc3 Nb5 34. Rc6 Bd6 35. a4 Bxe5 36. fxe5 Nd4 37. Rd6 1-0

[Event "RUS-ch Higher League 70th"]
[Site "Sochi"]
[Date "2017.07.11"]
[Round "9"]
[White "Savenkov, Konstantin"]
[Black "Saveliev, Alexei"]
[Result "1/2-1/2"]
[WhiteElo "2437"]
[BlackElo "2403"]
[PlyCount "214"]
[EventDate "2017.07.02"]
[EventType "swiss"]
[EventRounds "9"]
[EventCountry "RUS"]
[SourceTitle "CBM 180"]
[Source "ChessBase"]
[SourceDate "2017.09.13"]
[SourceVersion "1"]
[SourceVersionDate "2017.09.13"]
[SourceQuality "1"]

1. e4 c5 2. Nf3 d6 3. Bb5+ Bd7 4. Bxd7+ Qxd7 5. 0-0 Nf6 6. e5 dxe5 7. Nxe5 Qc8 8. Qf3 e6 9. b3 Be7 10. Bb2 0-0 11. Nc3 Nbd7 12. Nc4 Rd8 13. Rfe1 Nf8 14. Rad1 Ng6 15. a4 Qc7 16. g3 Rac8 17. h4 Qc6 18. Ne4 Nxe4 19. Rxe4 f5 20. Re3 Qxf3 21. Rxf3 Bf6 22. Bxf6 gxf6 23. Re1 Kf7 24. d3 Ne7 25. Rfe3 Rc6 26. Na5 Rb6 27. Nc4 Rc6 28. Na5 Rb6 29. Nc4 Ra6 30. Rb1 Nd5 31. Ree1 Rc6 32. Kg2 b6 33. Kf3 Rc7 34. Ne3 Nb4 35. Ke2 Rcd7 36. Kd2 Nc6 37. Red1 Rd4 38. Ke2 R4d7 39. Nc4 Rg8 40. c3 Rgd8 41. Rd2 Ne5 42. Rbd1 Nc6 43. Rg1 Rg8 44. Kf3 Rgd8 45. Rgd1 Ne7 46. d4 cxd4 47. Rxd4 Rxd4 48. Rxd4 Rxd4 49. cxd4 Nc6 50. Ke3 Ke7 51. f3 Kd7 52. g4 Ne7 53. g5 Nd5+ 54. Kf2 Ke7 55. Ne3 Nf4 56. gxf6+ Kxf6 57. Nc4 Ke7 58. Na3 Kd7 59. Nb5 a6 60. Nc3 Kd6 61. Ne2 Ng6 62. h5 Ne7 63. Ke3 Nd5+ 64. Kd3 h6 65. Ng3 Kc6 66. Ne2 Kc7 67. Kc4 Kd6 68. b4 Kc6 69. b5+ axb5+ 70. axb5+ Kd6 71. Kd3 Kd7 72. Kc4 Ne3+ 73. Kd3 Ng2 74. Kc4 Ne1 75. f4 Kd6 76. Nc3 Ng2 77. Ne2 Ne3+ 78. Kd3 Nd5 79. Kc4 Nf6 80. Ng3 Ke7 81. Kd3 Kd7 82. Kc2 Kd6 83. Kd2 Kd5 84. Kd3 Ng4 85. Ne2 Nf2+ 86. Ke3 Ne4 87. Kd3 Kd6 88. Kc4 Nf6 89. Ng3 Nd5 90. Ne2 Kc7 91. Kd3 Kd7 92. Kc2 Nc7 93. Nc3 Ke7 94. Kd3 Kd6 95. Kc4 Ke7 96. Kd3 Kd7 97. Kc2 Kd6 98. Kd2 Ne8 99. Ne2 Nf6 100. Ng3 Nd5 101. Ne2 Kc7 102. Kc2 Kd7 103. Kd3 Ke7 104. Kc2 Kd6 105. Kd2 Ne7 106. Kd3 Ng8 107. Kc4 Nf6 1/2-1/2

[Event "Odintsovo"]
[Site "Odintsovo"]
[Date "2017.05.25"]
[Round "8"]
[White "Savenkov, Konstantin"]
[Black "Babarykin, Stanislav"]
[Result "1/2-1/2"]
[WhiteElo "2386"]
[BlackElo "2354"]
[PlyCount "87"]
[EventDate "2017.05.15"]
[EventType "tourn"]
[EventRounds "9"]
[EventCountry "RUS"]
[SourceTitle "CBM 178 Extra"]
[Source "ChessBase"]
[SourceDate "2017.06.22"]
[SourceVersion "1"]
[SourceVersionDate "2017.06.22"]
[SourceQuality "1"]

1. e4 e5 2. Nf3 Nc6 3. Bc4 Nf6 4. Ng5 d5 5. exd5 Na5 6. Bb5+ c6 7. dxc6 bxc6 8. Qf3 Be7 9. Bd3 0-0 10. 0-0 g6 11. b4 Nb7 12. Qxc6 Nd5 13. Nxf7 Rxf7 14. Bc4 Nxb4 15. Qf3 Bf5 16. g4 Nd6 17. Bxf7+ Nxf7 18. gxf5 Nxc2 19. fxg6 hxg6 20. Qe4 Nxa1 21. Bb2 Kh7 22. Bxa1 Rb8 23. Nc3 Qxd2 24. f4 Qd4+ 25. Kg2 Qxe4+ 26. Nxe4 exf4 27. Rxf4 Kg8 28. Bd4 Rb7 29. Nf6+ Kf8 30. Ng4 Ke8 31. Ne3 Ng5 32. Rg4 Ne6 33. Bc3 Rc7 34. Nc4 g5 35. Re4 Nc5 36. Re2 Nd3 37. Re4 Kf7 38. Ba5 Rc5 39. Bd2 Rd5 40. Kg3 Bd8 41. Be3 Bc7+ 42. Kg4 Bxh2 43. Bxa7 Ne5+ 44. Nxe5+ 1/2-1/2

[Event "Odintsovo"]
[Site "Odintsovo"]
[Date "2017.05.17"]
[Round "2"]
[White "Erzhanov, Arman"]
[Black "Savenkov, Konstantin"]
[Result "0-1"]
[WhiteElo "2286"]
[BlackElo "2386"]
[PlyCount "58"]
[EventDate "2017.05.15"]
[EventType "tourn"]
[EventRounds "9"]
[EventCountry "RUS"]
[SourceTitle "CBM 178 Extra"]
[Source "ChessBase"]
[SourceDate "2017.06.22"]
[SourceVersion "1"]
[SourceVersionDate "2017.06.22"]
[SourceQuality "1"]

1. e4 e6 2. d4 d5 3. Nd2 Be7 4. e5 c5 5. Ngf3 Nc6 6. dxc5 Qc7 7. Bb5 Bd7 8. Bxc6 Bxc6 9. 0-0 Ba4 10. b3 Bb5 11. Re1 Bxc5 12. a4 Ba6 13. Ba3 Bxa3 14. Rxa3 Qc5 15. Qa1 Ne7 16. Nd4 Rc8 17. N2f3 0-0 18. Re3 Nf5 19. Re1 Qb4 20. Ra2 Rc3 21. Qd1 Bd3 22. Nxf5 Bxf5 23. Nd4 Bd3 24. Ne2 Rxc2 25. Nc1 Bg6 26. Re2 Rc3 27. Rab2 Qg4 28. Na2 Rd3 29. Qf1 Qd4 0-1

[Event "Odintsovo"]
[Site "Odintsovo"]
[Date "2017.05.15"]
[Round "1"]
[White "Savenkov, Konstantin"]
[Black "Mamatov, Melis"]
[Result "1-0"]
[WhiteElo "2386"]
[BlackElo "2208"]
[PlyCount "94"]
[EventDate "2017.05.15"]
[EventType "tourn"]
[EventRounds "9"]
[EventCountry "RUS"]
[SourceTitle "CBM 178 Extra"]
[Source "ChessBase"]
[SourceDate "2017.06.22"]
[SourceVersion "1"]
[SourceVersionDate "2017.06.22"]
[SourceQuality "1"]

1. e4 c5 2. Nf3 e6 3. d4 cxd4 4. Nxd4 a6 5. Bd3 d6 6. c4 Nf6 7. Nc3 Be7 8. 0-0 Qc7 9. Be3 Nbd7 10. Rc1 b6 11. f3 Bb7 12. Qd2 0-0 13. Rfd1 Rfe8 14. Bf1 Rac8 15. Qf2 Qb8 16. Kh1 Kh8 17. a3 Rg8 18. b4 g5 19. Qb2 Rg6 20. Nb3 Ne5 21. Na4 Rcg8 22. Nxb6 Rh6 23. Kg1 d5 24. exd5 Rxh2 25. Rc2 Rh5 26. Nc5 Rg7 27. d6 Bxd6 28. Rxd6 Qxd6 29. Nxb7 Qc7 30. Rd2 Nxf3+ 31. gxf3 Qg3+ 32. Rg2 Qxf3 33. Bd4 Rh6 34. Qf2 Qh3 35. Qe3 Qh1+ 36. Kf2 Qh4+ 37. Ke2 e5 38. Qxe5 Rhg6 39. Nd5 Qh5+ 40. Kd2 Ng8 41. Nd8 f6 42. Qf5 Qh4 43. Ne6 Rd7 44. Bd3 Qh1 45. Rxg5 Rxg5 46. Qxg5 Qh2+ 47. Kc3 Qa2 1-0

[Event "Moscow Aeroflot op-B 16th"]
[Site "Moscow"]
[Date "2017.02.28"]
[Round "8"]
[White "Papin, Vasily"]
[Black "Savenkov, Konstantin"]
[Result "1/2-1/2"]
[WhiteElo "2456"]
[BlackElo "2365"]
[PlyCount "101"]
[EventDate "2017.02.21"]
[EventType "swiss"]
[EventRounds "9"]
[EventCountry "RUS"]
[SourceTitle "CBM 177 Extra"]
[Source "ChessBase"]
[SourceDate "2017.04.27"]
[SourceVersion "1"]
[SourceVersionDate "2017.04.27"]
[SourceQuality "1"]

1. c4 Nf6 2. Nc3 g6 3. g3 Bg7 4. Bg2 0-0 5. d4 Nc6 6. e3 d6 7. Nge2 e5 8. 0-0 exd4 9. exd4 Re8 10. h3 Bf5 11. g4 Bc8 12. Ng3 Nd7 13. Be3 Nb6 14. b3 Qh4 15. Nge4 h6 16. f3 Qd8 17. d5 Bxc3 18. dxc6 Bg7 19. c5 d5 20. cxb6 axb6 21. Bxh6 Bxh6 22. Qxd5 Bg7 23. Qxd8 Rxd8 24. Rac1 Rxa2 25. Rfd1 Rd4 26. Nc3 Rxd1+ 27. Rxd1 Bxc3 28. Rd8+ Kg7 29. Rxc8 Bd4+ 30. Kh2 Be5+ 31. Kg1 bxc6 32. f4 Bd4+ 33. Kh1 g5 34. Bxc6 gxf4 35. Rxc7 Kf6 36. h4 Bf2 37. Be4 Bxh4 38. Rc2 Ra3 39. Bd5 Kg5 40. Kg2 Kxg4 41. Rd2 Bg3 42. Bf3+ Kg5 43. Bd5 Ra7 44. Kf3 Rd7 45. Rd3 f5 46. Bc4 Rh7 47. Rd2 Rh1 48. Bd3 Re1 49. Be2 Rc1 50. Rd5 Rc2 51. Rxf5+ 1/2-1/2

[Event "Moscow Aeroflot op-B 16th"]
[Site "Moscow"]
[Date "2017.02.27"]
[Round "7"]
[White "Savenkov, Konstantin"]
[Black "Shtembuliak, Evgeny"]
[Result "0-1"]
[WhiteElo "2365"]
[BlackElo "2477"]
[PlyCount "66"]
[EventDate "2017.02.21"]
[EventType "swiss"]
[EventRounds "9"]
[EventCountry "RUS"]
[SourceTitle "CBM 177 Extra"]
[Source "ChessBase"]
[SourceDate "2017.04.27"]
[SourceVersion "1"]
[SourceVersionDate "2017.04.27"]
[SourceQuality "1"]

1. e4 c5 2. Nf3 Nc6 3. Bb5 e6 4. Bxc6 bxc6 5. d3 Ne7 6. Qe2 d6 7. e5 Nf5 8. exd6 Bxd6 9. c3 0-0 10. Nbd2 f6 11. 0-0 e5 12. Ne4 Rb8 13. Nfd2 Be7 14. Nb3 Qb6 15. Kh1 g5 16. g3 Kh8 17. f4 exf4 18. gxf4 g4 19. Qf2 c4 20. Qxb6 axb6 21. dxc4 c5 22. Ng3 Nh4 23. Be3 f5 24. Nd2 Bb7+ 25. Kg1 Ng2 26. Kf2 Bd6 27. Nde4 Bxf4 28. Bxf4 Nxf4 29. Ke3 Ng2+ 30. Kf2 f4 31. Kxg2 fxg3 32. Rxf8+ Rxf8 33. Re1 gxh2 0-1

[Event "Moscow Aeroflot op-B 16th"]
[Site "Moscow"]
[Date "2017.02.24"]
[Round "4"]
[White "Assaubayeva, Bibissara"]
[Black "Savenkov, Konstantin"]
[Result "0-1"]
[WhiteElo "2177"]
[BlackElo "2365"]
[PlyCount "104"]
[EventDate "2017.02.21"]
[EventType "swiss"]
[EventRounds "9"]
[EventCountry "RUS"]
[SourceTitle "CBM 177 Extra"]
[Source "ChessBase"]
[SourceDate "2017.04.27"]
[SourceVersion "1"]
[SourceVersionDate "2017.04.27"]
[SourceQuality "1"]

1. e4 e5 2. Nf3 Nc6 3. Bb5 a6 4. Ba4 d6 5. c3 Bd7 6. d4 Nge7 7. Be3 Ng6 8. h4 Be7 9. h5 Nf4 10. Bxf4 exf4 11. Qd2 Bg5 12. Nxg5 Qxg5 13. g3 f5 14. Rh4 0-0 15. Bb3+ Kh8 16. Qxf4 Qxf4 17. Rxf4 fxe4 18. Rxe4 Rae8 19. Nd2 Bg4 20. Kf1 Rxe4 21. Nxe4 Bxh5 22. Ng5 Nd8 23. Re1 Re8 24. Ne6 Bg4 25. Nf4 Rxe1+ 26. Kxe1 c6 27. Kd2 g5 28. Nd3 Kg7 29. f4 Be6 30. fxg5 Bxb3 31. axb3 Kg6 32. Ke3 Kxg5 33. Nf2 d5 34. Kf3 a5 35. Nd3 Nf7 36. b4 a4 37. Nc5 b5 38. Nb7 h5 39. Kf2 Kf6 40. Ke2 Kf5 41. Na5 Nd6 42. Kd3 Kg4 43. Nxc6 Kxg3 44. Ne7 h4 45. Nxd5 h3 46. Ne3 Nc4 47. Nf1+ Kf2 48. Nh2 Nxb2+ 49. Kc2 Nc4 50. d5 Kg2 51. Ng4 h2 52. Nxh2 Kxh2 0-1

[Event "Moscow Aeroflot op-B 16th"]
[Site "Moscow"]
[Date "2017.02.23"]
[Round "3"]
[White "Savenkov, Konstantin"]
[Black "Maltsevskaya, Aleksandra"]
[Result "1-0"]
[WhiteElo "2365"]
[BlackElo "2259"]
[PlyCount "107"]
[EventDate "2017.02.21"]
[EventType "swiss"]
[EventRounds "9"]
[EventCountry "RUS"]
[SourceTitle "CBM 177 Extra"]
[Source "ChessBase"]
[SourceDate "2017.04.27"]
[SourceVersion "1"]
[SourceVersionDate "2017.04.27"]
[SourceQuality "1"]

1. e4 c5 2. Nf3 e6 3. d3 Nc6 4. g3 d5 5. Nbd2 Nf6 6. Bg2 g6 7. 0-0 Bg7 8. exd5 Nxd5 9. Nb3 b6 10. d4 c4 11. Nbd2 c3 12. Ne4 0-0 13. Nxc3 Nxc3 14. bxc3 Bb7 15. Bf4 Na5 16. Qd3 Rc8 17. Nd2 Bxg2 18. Kxg2 Qd5+ 19. Kg1 Qc6 20. Ne4 f5 21. Nd6 Rcd8 22. Nb5 e5 23. Nxa7 Qb7 24. Bg5 Qxa7 25. Bxd8 Rxd8 26. Qb5 exd4 27. cxd4 Nb7 28. Qb3+ Kh8 29. c3 Nd6 30. Rad1 Qc7 31. Rd3 Ne4 32. Kg2 Nc5 33. dxc5 Rxd3 34. cxb6 Qb7+ 35. Kg1 Rxc3 36. Qe6 Rc8 37. a4 Rd8 38. a5 Qe4 39. Qxe4 fxe4 40. a6 Bd4 41. Rd1 Kg7 42. a7 e3 43. Rxd4 Rxd4 44. fxe3 Ra4 45. b7 Rxa7 46. b8Q Re7 47. Kf2 Rf7+ 48. Ke2 Re7 49. Qd6 Kf7 50. Kf3 Ke8 51. e4 Rd7 52. Qc6 Ke7 53. e5 Rd8 54. Qf6+ 1-0

[Event "Moscow Aeroflot op-B 16th"]
[Site "Moscow"]
[Date "2017.02.22"]
[Round "2"]
[White "Paramzina, Anastasya"]
[Black "Savenkov, Konstantin"]
[Result "1-0"]
[WhiteElo "2220"]
[BlackElo "2365"]
[PlyCount "77"]
[EventDate "2017.02.21"]
[EventType "swiss"]
[EventRounds "9"]
[EventCountry "RUS"]
[SourceTitle "CBM 177 Extra"]
[Source "ChessBase"]
[SourceDate "2017.04.27"]
[SourceVersion "1"]
[SourceVersionDate "2017.04.27"]
[SourceQuality "1"]

1. e4 e6 2. d4 d5 3. Nd2 Nf6 4. e5 Nfd7 5. f4 c5 6. c3 Nc6 7. Ngf3 Rb8 8. Nb3 b5 9. dxc5 Nxc5 10. Nbd4 Nxd4 11. Nxd4 Bd7 12. Be2 b4 13. 0-0 bxc3 14. bxc3 Ne4 15. Qd3 Bc5 16. Be3 0-0 17. c4 Rb4 18. cxd5 exd5 19. Rab1 Ra4 20. Bd1 Rc4 21. Bf3 Rc3 22. Qe2 Ra3 23. Rb3 Ra4 24. Rd1 Qa5 25. Bxe4 dxe4 26. Rb2 Bg4 27. Qxg4 Rxd4 28. Rf1 Rd2 29. Rb3 Bxe3+ 30. Rxe3 Qc5 31. Rfe1 Rfd8 32. h3 h5 33. Qf5 Rxa2 34. Kh2 Rd4 35. Qxh5 Rdd2 36. Rg3 Rd3 37. Rg4 e3 38. Qf5 Qd5 39. Rc1 1-0